| 000 | 00360nam a22001577a 4500 | ||
|---|---|---|---|
| 003 | SGT | ||
| 020 | _a9789394525023 | ||
| 082 |
_a617.7 _bS23B |
||
| 100 | _aBANSAL, UTSAV | ||
| 245 | _aSOCH- SIMPLIFIED OPHTHALMOLOGY CONCEPTUAL HAND BOOK | ||
| 250 | _a5TH | ||
| 260 |
_aINDIA _bCBS PUB _c2023 |
||
| 300 | _a498 | ||
| 650 | _aOPHTHALMOLOGY | ||
| 942 |
_2ddc _cBK |
||
| 999 |
_c30478 _d30478 |
||